<?xml version="1.0" encoding="UTF-8"?>
<record
    xmlns:xsi="http://www.w3.org/2001/XMLSchema-instance"
    xsi:schemaLocation="http://www.loc.gov/MARC21/slim http://www.loc.gov/standards/marcxml/schema/MARC21slim.xsd"
    xmlns="http://www.loc.gov/MARC21/slim">

  <leader>01211nam a22003017a 4500</leader>
  <controlfield tag="001">9425</controlfield>
  <controlfield tag="003">FISKH</controlfield>
  <controlfield tag="005">20260121094541.0</controlfield>
  <controlfield tag="008">260106b        cb ||||| |||| 00| 0 eng d</controlfield>
  <datafield tag="020" ind1=" " ind2=" ">
    <subfield code="a">9781404865501</subfield>
  </datafield>
  <datafield tag="040" ind1=" " ind2=" ">
    <subfield code="a">FISKH</subfield>
    <subfield code="b">eng</subfield>
    <subfield code="c">FISKH</subfield>
    <subfield code="d">FISKH</subfield>
  </datafield>
  <datafield tag="050" ind1=" " ind2=" ">
    <subfield code="a">HG173.S48</subfield>
  </datafield>
  <datafield tag="082" ind1=" " ind2=" ">
    <subfield code="a">332.024</subfield>
  </datafield>
  <datafield tag="100" ind1=" " ind2=" ">
    <subfield code="a">Seuling , Barbara </subfield>
  </datafield>
  <datafield tag="245" ind1=" " ind2=" ">
    <subfield code="a">There are millions of millionares :</subfield>
    <subfield code="b">and other Freaky Facts about earning , saving , and spending / </subfield>
    <subfield code="c">By Barbara Seuling : illustrated by Ryan Haugen </subfield>
  </datafield>
  <datafield tag="260" ind1=" " ind2=" ">
    <subfield code="a">Minneapolis, Minnesota :</subfield>
    <subfield code="b">Picture Window Books ,</subfield>
    <subfield code="c">2009.</subfield>
  </datafield>
  <datafield tag="300" ind1=" " ind2=" ">
    <subfield code="a">40 pages : </subfield>
    <subfield code="b">color illustrations ; </subfield>
    <subfield code="c">19 cm . </subfield>
  </datafield>
  <datafield tag="505" ind1=" " ind2=" ">
    <subfield code="a">Z 
</subfield>
  </datafield>
  <datafield tag="520" ind1=" " ind2=" ">
    <subfield code="a">A penny save is a penny earned, and millions of millionaires can prove it! Invest your time in this book and learn freaky financial facts about bills, taxes, valuables, banks, credit, and more. This is one book you can bank on--with interest!</subfield>
  </datafield>
  <datafield tag="521" ind1="8" ind2=" ">
    <subfield code="a">910 
</subfield>
    <subfield code="b">Lexile 
</subfield>
  </datafield>
  <datafield tag="521" ind1="8" ind2=" ">
    <subfield code="a">Z 
</subfield>
    <subfield code="b">RAz-Plus 
</subfield>
  </datafield>
  <datafield tag="650" ind1=" " ind2=" ">
    <subfield code="a">Finance </subfield>
    <subfield code="v">Juvenile Literature </subfield>
  </datafield>
  <datafield tag="650" ind1=" " ind2=" ">
    <subfield code="a">Millionaires </subfield>
    <subfield code="v">Juvenile Literature </subfield>
  </datafield>
  <datafield tag="650" ind1=" " ind2=" ">
    <subfield code="a">Money</subfield>
    <subfield code="v">Juvenile Literature </subfield>
  </datafield>
  <datafield tag="700" ind1=" " ind2=" ">
    <subfield code="a">Haugen , Ryan</subfield>
    <subfield code="e">Illustrator</subfield>
  </datafield>
  <datafield tag="942" ind1=" " ind2=" ">
    <subfield code="2">ddc</subfield>
    <subfield code="c">BK</subfield>
    <subfield code="n">0</subfield>
  </datafield>
  <datafield tag="999" ind1=" " ind2=" ">
    <subfield code="c">9425</subfield>
    <subfield code="d">9425</subfield>
  </datafield>
  <datafield tag="952" ind1=" " ind2=" ">
    <subfield code="0">0</subfield>
    <subfield code="1">0</subfield>
    <subfield code="2">ddc</subfield>
    <subfield code="4">0</subfield>
    <subfield code="7">0</subfield>
    <subfield code="8">NFIC</subfield>
    <subfield code="a">002</subfield>
    <subfield code="b">002</subfield>
    <subfield code="c">SNS</subfield>
    <subfield code="d">2026-01-06</subfield>
    <subfield code="l">0</subfield>
    <subfield code="o">SEU 332.024 HG173.S48</subfield>
    <subfield code="p">FISSE01470</subfield>
    <subfield code="r">2026-01-06 14:08:00</subfield>
    <subfield code="t">1</subfield>
    <subfield code="w">2026-01-06</subfield>
    <subfield code="y">BK</subfield>
  </datafield>
  <datafield tag="952" ind1=" " ind2=" ">
    <subfield code="0">0</subfield>
    <subfield code="1">0</subfield>
    <subfield code="2">ddc</subfield>
    <subfield code="4">0</subfield>
    <subfield code="7">0</subfield>
    <subfield code="8">NFIC</subfield>
    <subfield code="a">002</subfield>
    <subfield code="b">002</subfield>
    <subfield code="c">SNS</subfield>
    <subfield code="d">2026-01-21</subfield>
    <subfield code="l">0</subfield>
    <subfield code="o">SEU 332.024 HG173.S48</subfield>
    <subfield code="p">FIS04534</subfield>
    <subfield code="r">2026-01-21 09:45:33</subfield>
    <subfield code="t">2</subfield>
    <subfield code="w">2026-01-21</subfield>
    <subfield code="y">BK</subfield>
  </datafield>
</record>
